|
|
|
|
| LEADER |
00000nam2a2200000 4500 |
| 001 |
274350 |
| 005 |
20231101234723.0 |
| 035 |
|
|
|a (RuTPU)RU\TPU\book\297560
|
| 035 |
|
|
|a RU\TPU\book\295057
|
| 090 |
|
|
|a 274350
|
| 100 |
|
|
|a 20141105d1985 km y0rusy50 ca
|
| 101 |
0 |
|
|a rus
|
| 102 |
|
|
|a UA
|
| 105 |
|
|
|a a z 001zy
|
| 200 |
0 |
|
|a Вып. 4 (38)
|
| 210 |
|
|
|d 1985
|
| 215 |
|
|
|a 95 с.
|c ил.
|
| 320 |
|
|
|a Библиография в конце статей
|
| 461 |
|
1 |
|0 (RuTPU)RU\TPU\book\163108
|t Математическая физика и нелинейная механика
|o республиканский межведомственный сборник научных трудов
|f Академия наук Украинской ССР (АН УССР), Институт математики; под ред. Ю. А. Митропольского
|v Вып. 4 (38)
|d 1984-1991
|
| 606 |
1 |
|
|a Математическая физика
|2 stltpush
|3 (RuTPU)RU\TPU\subj\41221
|9 61028
|
| 610 |
1 |
|
|a нелинейная механика
|
| 610 |
1 |
|
|a устойчивость
|
| 610 |
1 |
|
|a регулирование
|
| 610 |
1 |
|
|a дифференциально-разностные уравнения
|
| 610 |
1 |
|
|a разностные нелинейные уравнения
|
| 610 |
1 |
|
|a инвариантные тороидальные множества
|
| 610 |
1 |
|
|a интегральные уравнения
|
| 610 |
1 |
|
|a системы обыкновенных дифференциальных уравнений
|
| 610 |
1 |
|
|a движения
|
| 610 |
1 |
|
|a разделение
|
| 610 |
1 |
|
|a уравнения с частными производными
|
| 675 |
|
|
|a 53:51
|v 3
|
| 801 |
|
1 |
|a RU
|b 63413507
|c 20061125
|g PSBO
|
| 801 |
|
2 |
|a RU
|b 63413507
|c 20170119
|g PSBO
|
| 942 |
|
|
|c BK
|